[Event "OLNO 2223 SC Kreuzberg - SC Weisse Dame"]
[Site "?"]
[Date "2022.10.23"]
[Round "1.1"]
[White "Moeller, Hendrik"]
[Black "Glek, Igor"]
[Result "0-1"]
[WhiteElo "2292"]
[BlackElo "2456"]
[PlyCount "98"]
[EventDate "2022.??.??"]

1. c4 e5 2. g3 c6 3. d4 e4 4. Bg2 d5 5. Nc3 Nf6 6. Bg5 Nbd7 7. cxd5 cxd5 8. Nh3 h6 9. Bxf6 Nxf6 10. O-O Bd6 11. f3 exf3 12. Rxf3 O-O 13. Nf4 Bxf4 14. Rxf4 Be6 15. Qb3 Qb6 16. Qxb6 axb6 17. a3 Rac8 18. Rd1 Rfd8 19. Rd3 Rc4 20. Rf1 Kf8 21. Bf3 Bf5 22. Rd2 g6 23. Rc1 b5 24. Na2 Rxc1+ 25. Nxc1 b4 26. axb4 Ra8 27. Nd3 Ra2 28. Nf4 Ra1+ 29. Kg2 g5 30. g4 Be4 31. Nd3 Nxg4 32. Bxe4 dxe4 33. Nc5 f5 34. d5 Ne3+ 35. Kh3 Nc4 36. Rc2 b5 37. b3 Nd6 38. Ne6+ Ke7 39. Kg2 Kf6 40. Nc7 Ke5 41. Rc5 Ra2 42. Kf1 f4 43. Nxb5 g4 44. Nc3 Ra1+ 45. Kg2 h5 46. b5 h4 47. h3 f3+ 48. exf3 exf3+ 49. Kf2 gxh3 0-1

[Event "OLNO 2223 SC Kreuzberg - SC Weisse Dame"]
[Site "?"]
[Date "2022.10.23"]
[Round "1.2"]
[White "Glantz, Robert"]
[Black "Waldmann, Hans-Joachim"]
[Result "1/2-1/2"]
[WhiteElo "2332"]
[BlackElo "2305"]
[PlyCount "131"]
[EventDate "2022.??.??"]

1. e4 c5 2. Nf3 a6 3. c3 e6 4. d4 d5 5. exd5 exd5 6. Bd3 Nf6 7. O-O cxd4 8. cxd4 Nc6 9. Re1+ Be7 10. h3 O-O 11. Nc3 b5 12. Bf4 Bb7 13. Rc1 Re8 14. Bb1 Na5 15. b3 Bb4 16. Rxe8+ Qxe8 17. Qd3 Rc8 18. Ne2 Rxc1+ 19. Nxc1 Qe4 20. Be3 Nc6 21. Bc2 Bd6 22. Qd1 Qe7 23. Nd3 Ne4 24. Bf4 Ba3 25. Qe1 Nb4 26. Bb1 Nxd3 27. Bxd3 Bb4 28. Qc1 Ba3 29. Qc2 Qd7 30. Bc1 Bd6 31. Ng5 Qc6 32. Qxc6 Bxc6 33. Kf1 a5 34. Nxe4 dxe4 35. d5 Bxd5 36. Bxb5 Kf8 37. Ke2 f5 38. Bd2 Bb4 39. g3 Ke7 40. Bxb4+ axb4 41. Ke3 g5 42. Kd4 Kd6 43. Be2 h6 44. Bd1 Ke6 45. Bc2 h5 46. h4 g4 47. Bd1 Kd6 48. Be2 Bf7 49. Bb5 Ke6 50. Bc4+ Kf6 51. Ba6 Be8 52. Bc8 Bf7 53. Bd7 Be6 54. Be8 Bf7 55. Bc6 Bg6 56. Bb5 Bf7 57. Be2 Bg6 58. Ba6 Be8 59. Bc4 Bf7 60. Bf1 Bg6 61. Bb5 Bf7 62. Bd7 Be6 63. Ba4 Bf7 64. Bc6 Bg6 65. Ba8 Bh7 66. Bc6 1/2-1/2

[Event "OLNO 2223 SC Kreuzberg - SC Weisse Dame"]
[Site "?"]
[Date "2022.10.23"]
[Round "1.3"]
[White "Gelman, Josef"]
[Black "Strache, Michael"]
[Result "1-0"]
[WhiteElo "2040"]
[BlackElo "2292"]
[PlyCount "163"]
[EventDate "2022.??.??"]

1. d4 e6 2. Nf3 c5 3. c3 Nf6 4. Bf4 Nc6 5. e3 d5 6. Nbd2 Bd6 7. Ne5 Qc7 8. Ndf3 Nh5 9. Nxf7 Kxf7 10. Ng5+ Kg8 11. Bxd6 Qxd6 12. Qxh5 g6 13. Qf3 Qe7 14. h4 cxd4 15. exd4 h6 16. Nh3 e5 17. dxe5 Qxe5+ 18. Qe3 Qf6 19. O-O-O d4 20. Bc4+ Kg7 21. Qf4 Rd8 22. Qxf6+ Kxf6 23. Nf4 Bf5 24. Rhe1 Rac8 25. Nd5+ Kg7 26. Bb3 Rd7 27. Nf4 Rd6 28. Be6 Rf8 29. Bxf5 Rxf5 30. Ne6+ Kf6 31. Nxd4 Rxf2 32. Rf1 Rxf1 33. Rxf1+ Ke7 34. Re1+ Kd7 35. Nxc6 Rxc6 36. Re4 Rf6 37. Kd2 Rf2+ 38. Re2 Rf4 39. g3 Rf3 40. Re3 Rf2+ 41. Kc1 Kd6 42. a4 a5 43. Kb1 Rg2 44. Ka2 b6 45. Ka3 Rg1 46. b4 Kd5 47. Kb3 axb4 48. cxb4 g5 49. hxg5 hxg5 50. Rd3+ Kc6 51. Kc4 Ra1 52. Rf3 Rc1+ 53. Kd4 Rb1 54. Rf6+ Kb7 55. Kc4 Re1 56. Rf7+ Kc6 57. b5+ Kd6 58. Rf6+ Kc7 59. Kd5 Rd1+ 60. Ke5 Ra1 61. Rf7+ Kb8 62. Rg7 Rxa4 63. Rxg5 Kc7 64. Rg7+ Kc8 65. Kd6 Rc4 66. Rg5 Rc3 67. g4 Rc4 68. Ke6 Rb4 69. Kf6 Kc7 70. Kg6 Kd6 71. Kh5 Rb1 72. Rf5 Ke6 73. Kg6 Ke7 74. g5 Rb2 75. Kg7 Rb1 76. g6 Rb2 77. Kh7 Rh2+ 78. Kg7 Rb2 79. Kg8 Ke6 80. Rh5 Kf6 81. g7 Kg6 82. Rh1 1-0

[Event "OLNO 2223 SC Kreuzberg - SC Weisse Dame"]
[Site "?"]
[Date "2022.10.23"]
[Round "1.4"]
[White "Glienke, Manfred"]
[Black "Hoegy, Kevin"]
[Result "1/2-1/2"]
[WhiteElo "2203"]
[BlackElo "2245"]
[PlyCount "23"]
[EventDate "2022.??.??"]

1. Nf3 Nf6 2. c4 c6 3. d4 d5 4. Nc3 e6 5. cxd5 exd5 6. Bf4 Bf5 7. e3 Qb6 8. Qc1 h6 9. Be2 Nbd7 10. O-O Be7 11. Ne5 O-O 12. Bd3 1/2-1/2

[Event "OLNO 2223 SC Kreuzberg - SC Weisse Dame"]
[Site "?"]
[Date "2022.10.23"]
[Round "1.5"]
[White "Uhl, Heinz"]
[Black "Dathe, Frederick"]
[Result "1-0"]
[WhiteElo "2139"]
[BlackElo "2085"]
[PlyCount "55"]
[EventDate "2022.??.??"]

1. c4 c5 2. Nc3 g6 3. g3 Bg7 4. Bg2 Nc6 5. Nf3 e6 6. d4 Nxd4 7. Nxd4 cxd4 8. Nb5 Qb6 9. e3 a6 10. Qa4 Ne7 11. Nxd4 O-O 12. O-O Nc6 13. Nxc6 bxc6 14. Rb1 d5 15. Bd2 a5 16. b4 axb4 17. Qxa8 Ba6 18. c5 Rxa8 19. cxb6 Bxf1 20. Bxf1 c5 21. b7 Rb8 22. Ba6 Bf8 23. a3 bxa3 24. Bc1 c4 25. Ra1 Kg7 26. Bxa3 Bxa3 27. Rxa3 Kf6 28. Ra5 1-0

[Event "OLNO 2223 SC Kreuzberg - SC Weisse Dame"]
[Site "?"]
[Date "2022.10.23"]
[Round "1.6"]
[White "Moritz, Aron"]
[Black "Mahn, Franko"]
[Result "1-0"]
[WhiteElo "2206"]
[BlackElo "2157"]
[PlyCount "67"]
[EventDate "2022.??.??"]

1. Nf3 d5 2. g3 c5 3. Bg2 Nf6 4. O-O e6 5. c4 Nc6 6. cxd5 exd5 7. d4 Be7 8. Nc3 O-O 9. dxc5 Bxc5 10. Bg5 d4 11. Ne4 Be7 12. Nxf6+ Bxf6 13. Qd2 h6 14. Bxf6 Qxf6 15. Rfd1 Rd8 16. b4 a6 17. Qb2 Be6 18. Rd2 Rd7 19. Rad1 Rad8 20. a3 Bf5 21. Rc1 Be4 22. Ne1 Bxg2 23. Kxg2 Ne5 24. Nd3 Nxd3 25. Rxd3 Qe5 26. Rcd1 Qb5 27. R1d2 Qa4 28. Qc1 Qb5 29. Qd1 a5 30. Rxd4 Rxd4 31. Rxd4 Rxd4 32. Qxd4 a4 33. Qd8+ Kh7 34. Qd3+ 1-0

[Event "OLNO 2223 SC Kreuzberg - SC Weisse Dame"]
[Site "?"]
[Date "2022.10.23"]
[Round "1.7"]
[White "Abraham, Ingo"]
[Black "Vogel, Constantin"]
[Result "0-1"]
[WhiteElo "2204"]
[BlackElo "2159"]
[PlyCount "24"]
[EventDate "2022.??.??"]

1. c4 e5 2. Nc3 Nf6 3. Nf3 Nc6 4. e3 Bb4 5. Qc2 O-O 6. Nd5 Re8 7. Bd3 h6 8. a3 Bf8 9. O-O a5 10. Rb1 d6 11. Nxf6+ Qxf6 12. b3 e4 0-1

[Event "OLNO 2223 SC Kreuzberg - SC Weisse Dame"]
[Site "?"]
[Date "2022.10.23"]
[Round "1.8"]
[White "Lehmann, Klaus"]
[Black "Gross, Thorsten"]
[Result "1/2-1/2"]
[WhiteElo "2216"]
[BlackElo "2135"]
[PlyCount "129"]
[EventDate "2022.??.??"]

1. e4 c6 2. d4 d5 3. exd5 cxd5 4. Bd3 Nc6 5. c3 Qc7 6. h3 Nf6 7. Nf3 g6 8. O-O Bg7 9. Re1 O-O 10. Bg5 a6 11. a4 Re8 12. Nbd2 Nh5 13. Nb3 Bd7 14. Qd2 e5 15. dxe5 Nxe5 16. Nxe5 Rxe5 17. Rxe5 Bxe5 18. Bc2 Bc6 19. Nd4 Bd7 20. Bb3 Bc6 21. Re1 Bf6 22. Bh6 Bg7 23. Bxg7 Kxg7 24. Re3 Qf4 25. Qe1 Qd6 26. Qe2 Nf6 27. f3 Bd7 28. Re5 Rd8 29. Qd3 Re8 30. Rxe8 Nxe8 31. Ne2 Nc7 32. Qd4+ f6 33. Nf4 Bc6 34. Kf2 Qe5 35. Qe3 Kf7 36. Ne2 Ne6 37. a5 Qc7 38. c4 Qxa5 39. cxd5 Bxd5 40. Bxd5 Qxd5 41. Qh6 Qc5+ 42. Kf1 Qc2 43. Qxh7+ Ng7 44. Qh4 Qxb2 45. Qc4+ Ne6 46. h4 Qb1+ 47. Kf2 Qb6+ 48. Kf1 Qc5 49. Qd3 Qc6 50. g4 Nc5 51. Qe3 Qd5 52. Kg2 Qe5 53. Qd2 a5 54. Ng3 a4 55. Qc2 a3 56. Qa2+ Ne6 57. Qxa3 Nf4+ 58. Kh2 Kg7 59. Qa2 Qe3 60. h5 Qxf3 61. hxg6 Nxg6 62. Nf5+ Kf8 63. Qa8+ Kf7 64. Qxb7+ Qxb7 65. Nd6+ 1/2-1/2

[Event "OLNO 2223 SC Empor Potsdam - Greifswald"]
[Site "?"]
[Date "2022.10.23"]
[Round "1.1"]
[White "Stubbe, Wilko"]
[Black "Penzold, Andreas"]
[Result "1/2-1/2"]
[WhiteElo "2205"]
[BlackElo "2370"]
[PlyCount "76"]
[EventDate "2022.??.??"]

1. Nf3 Nf6 2. c4 g6 3. b4 Bg7 4. Bb2 O-O 5. g3 d6 6. Bg2 e5 7. O-O Nbd7 8. Nc3 Re8 9. d3 c6 10. Qc2 d5 11. cxd5 Nxd5 12. Nxd5 cxd5 13. Nd2 Nb6 14. a4 a5 15. Nb3 Bd7 16. b5 Be6 17. Rfc1 Nd7 18. Qc7 b6 19. Qxd8 Raxd8 20. Rc6 Rb8 21. Ba3 Bf8 22. d4 e4 23. Bxf8 Kxf8 24. Rac1 Rb7 25. Nd2 Nb8 26. R6c3 Ke7 27. Nf1 Kd6 28. Ne3 Ree7 29. f4 f5 30. Bh3 h5 31. Kf2 Rec7 32. Bf1 Rxc3 33. Rxc3 Rc7 34. Rxc7 Kxc7 35. Ng2 Nd7 36. e3 Nf6 37. Be2 Kd6 38. Ke1 Ke7 1/2-1/2

[Event "OLNO 2223 SC Empor Potsdam - Greifswald"]
[Site "?"]
[Date "2022.10.23"]
[Round "1.2"]
[White "Tschernatsch, Johannes"]
[Black "Leisner, Hannes"]
[Result "1/2-1/2"]
[WhiteElo "2294"]
[BlackElo "2170"]
[PlyCount "120"]
[EventDate "2022.??.??"]

1. e4 e5 2. Nf3 d6 3. d4 exd4 4. Nxd4 Nf6 5. Nc3 Be7 6. Be2 O-O 7. Qd3 Nc6 8. Nxc6 bxc6 9. h4 Nd7 10. Qg3 Rb8 11. b3 Bf6 12. Bb2 Nc5 13. O-O-O Qe7 14. h5 h6 15. Kb1 a5 16. Bg4 a4 17. Bxc8 Rfxc8 18. Rhe1 axb3 19. cxb3 Re8 20. Re3 Qe6 21. Rd2 Ra8 22. f4 Qc8 23. Qe1 Qg4 24. Qe2 Qxf4 25. Rf3 Qg4 26. Qc4 Qe6 27. Qxe6 Rxe6 28. Rc2 Bxc3 29. Rfxc3 Rxe4 30. Rg3 Re1+ 31. Rc1 Rxc1+ 32. Kxc1 Ne6 33. a4 c5 34. Kd2 c4 35. Kc3 cxb3 36. Kxb3 d5 37. Bc3 d4 38. Bb4 c5 39. Bd2 c4+ 40. Kxc4 Rxa4+ 41. Kb5 Ra2 42. Bxh6 Kh7 43. Bc1 Rc2 44. Ba3 Rf2 45. Kc4 Rf5 46. Rh3 Rg5 47. g3 Rg4 48. Bc1 Re4 49. Rh1 Re2 50. Rf1 Rc2+ 51. Kd3 Rc3+ 52. Ke4 Kg8 53. g4 Rg3 54. Kf5 Rg2 55. g5 Nc5 56. g6 fxg6+ 57. hxg6 d3 58. Be3 Nd7 59. Rd1 Nf8 60. Bg5 d2 1/2-1/2

[Event "OLNO 2223 SC Empor Potsdam - Greifswald"]
[Site "?"]
[Date "2022.10.23"]
[Round "1.3"]
[White "Stopsack, Malte"]
[Black "Tiarks, Jann-Christian"]
[Result "1/2-1/2"]
[WhiteElo "2214"]
[BlackElo "2194"]
[PlyCount "117"]
[EventDate "2022.??.??"]

1. e4 c5 2. Nc3 Nc6 3. Bb5 Nd4 4. Nf3 e6 5. O-O a6 6. Bd3 Nc6 7. Re1 d6 8. a3 Nf6 9. Ne2 Be7 10. c3 Ne5 11. Nxe5 dxe5 12. Bc2 c4 13. Ng3 O-O 14. Qe2 b5 15. d3 cxd3 16. Bxd3 Bb7 17. Be3 Qc7 18. Rac1 Nd7 19. b4 Nb6 20. c4 Nxc4 21. Bxc4 bxc4 22. Rxc4 Qb8 23. Bc5 Bxc5 24. Rxc5 Rc8 25. Rec1 Qd6 26. Qc2 g6 27. h3 Rd8 28. Qc3 Rac8 29. Kh2 Qd4 30. f3 Rxc5 31. bxc5 Bc6 32. Nf1 h5 33. Ne3 Bb5 34. Qe1 Rc8 35. Qc3 Kf8 36. Nd1 Ke7 37. Nb2 Rd8 38. Qb3 Qf2 39. Rc2 Rd2 40. Rxd2 Qxd2 41. Qb4 Qd4 42. Qb3 Qxc5 43. Nd1 Qd4 44. Qc2 Kf6 45. Nc3 Bd3 46. Qd2 Bc4 47. Qc2 Qe3 48. Qb2 h4 49. Qc2 Qe1 50. Qb2 Bd3 51. Qb4 Qf2 52. Nd1 Qg3+ 53. Kg1 Be2 54. Ne3 Bxf3 55. Qd2 Bxe4 56. Ng4+ Kf5 57. Nh6+ Kf6 58. Ng4+ Kf5 59. Nh6+ 1/2-1/2

[Event "OLNO 2223 SC Empor Potsdam - Greifswald"]
[Site "?"]
[Date "2022.10.23"]
[Round "1.4"]
[White "Schoene, Ralf"]
[Black "Woll, Wilfried"]
[Result "1-0"]
[WhiteElo "2249"]
[BlackElo "2021"]
[PlyCount "59"]
[EventDate "2022.??.??"]

1. d4 d5 2. c4 e6 3. Nc3 Nf6 4. Bg5 Be7 5. e3 h6 6. Bh4 Nbd7 7. Nf3 Ne4 8. Bxe7 Qxe7 9. cxd5 Nxc3 10. bxc3 exd5 11. Qb3 c6 12. Bd3 O-O 13. a4 Re8 14. O-O b6 15. Rfe1 Bb7 16. a5 Qd6 17. a6 Bc8 18. c4 dxc4 19. Bxc4 Re7 20. e4 b5 21. Bd3 Rb8 22. Qc2 Rb6 23. e5 Qb8 24. Bf5 Bxa6 25. e6 fxe6 26. Bxe6+ Kh8 27. Bxd7 Rxd7 28. Qg6 Rd8 29. Re7 Rg8 30. Ng5 1-0

[Event "OLNO 2223 SC Empor Potsdam - Greifswald"]
[Site "?"]
[Date "2022.10.23"]
[Round "1.5"]
[White "Bartolomaeus, Christian"]
[Black "Jaeger, Uwe"]
[Result "1-0"]
[WhiteElo "2190"]
[BlackElo "2235"]
[PlyCount "119"]
[EventDate "2022.??.??"]

1. e4 d5 2. exd5 Qxd5 3. Nc3 Qa5 4. Bc4 Nf6 5. Qe2 c6 6. Nf3 Bf5 7. d3 e6 8. Bd2 Nbd7 9. O-O-O Qc7 10. Nd4 Bg6 11. Bxe6 fxe6 12. Nxe6 Qe5 13. Qxe5 Nxe5 14. Rde1 Nf7 15. Nc7+ Kd7 16. Nxa8 Bd6 17. Ne4 Rxa8 18. Nxd6 Kxd6 19. h3 Re8 20. Rxe8 Nxe8 21. Re1 Kd7 22. Bc3 Nfd6 23. a4 Bf7 24. g4 g6 25. Kd2 Be6 26. f4 h5 27. Rg1 Nf7 28. f5 gxf5 29. gxh5 Ke7 30. Rg6 f4 31. h4 Bf5 32. Rg1 Nh6 33. Rf1 Nc7 34. Bg7 Nf7 35. Bd4 Ne6 36. Bxa7 Bg4 37. Bb8 f3 38. Ke3 Nh6 39. b4 Bxh5 40. Rg1 Nf5+ 41. Kf2 Bf7 42. Kxf3 Nxh4+ 43. Ke3 Nf5+ 44. Kd2 Kd7 45. Rh1 Ne7 46. b5 Nc5 47. Ra1 Nd5 48. bxc6+ Kxc6 49. Be5 Bg6 50. Rh1 Bf5 51. Rh6+ Kd7 52. Rd6+ Ke7 53. Rxd5 Nxa4 54. Bd4 Bd7 55. c4 Bc6 56. Rh5 Kd6 57. Rh6+ Kc7 58. c5 Bd5 59. Kc2 Ba2 60. Be5+ 1-0

[Event "OLNO 2223 SC Empor Potsdam - Greifswald"]
[Site "?"]
[Date "2022.10.23"]
[Round "1.6"]
[White "Trenner, Rolf"]
[Black "Lange, Jannis"]
[Result "1-0"]
[WhiteElo "2143"]
[BlackElo "2085"]
[PlyCount "77"]
[EventDate "2022.??.??"]

1. d4 Nf6 2. c4 g6 3. Nc3 d5 4. cxd5 Nxd5 5. e4 Nxc3 6. bxc3 Bg7 7. Bc4 c5 8. Be3 O-O 9. Ne2 Bg4 10. f3 Bd7 11. Rb1 Nc6 12. dxc5 Qc7 13. O-O Rad8 14. Qc2 Na5 15. Bb3 e6 16. Rfd1 Bb5 17. c4 Ba6 18. f4 e5 19. f5 Nc6 20. Nc3 gxf5 21. Nd5 Qc8 22. exf5 f6 23. Qe4 Kh8 24. Ba4 Rde8 25. Bb5 Rg8 26. Rb2 Bf8 27. Kh1 Ne7 28. Nxe7 Rxe7 29. Rd5 Reg7 30. Rbd2 Rg4 31. Qf3 Be7 32. Rd7 Bxc5 33. Rxh7+ Kxh7 34. Qh3+ Kg7 35. Qxg4+ Kf7 36. Qh5+ Ke7 37. Bxc5+ Qxc5 38. Rd7+ Kf8 39. Qf7# 1-0

[Event "OLNO 2223 SC Empor Potsdam - Greifswald"]
[Site "?"]
[Date "2022.10.23"]
[Round "1.7"]
[White "Patzenhauer, Max"]
[Black "Piersig, Hans-Juergen"]
[Result "1-0"]
[WhiteElo "1946"]
[BlackElo "2111"]
[PlyCount "59"]
[EventDate "2022.??.??"]

1. d4 Nf6 2. Nf3 g6 3. c4 Bg7 4. Nc3 d6 5. Bg5 c6 6. e3 Nbd7 7. Be2 a5 8. Qc2 Qc7 9. O-O O-O 10. Rad1 Re8 11. Nd2 Nf8 12. Nce4 Nxe4 13. Nxe4 Bf5 14. Bd3 Nd7 15. Nc3 Bxd3 16. Qxd3 Nf6 17. f4 e6 18. Qc2 Ng4 19. Qe2 f5 20. h3 Nf6 21. Bxf6 Bxf6 22. e4 e5 23. dxe5 dxe5 24. exf5 gxf5 25. fxe5 Rxe5 26. Qc2 Qf7 27. Kh1 Qe6 28. Qb3 Rb8 29. Ne2 Rxe2 30. Qg3+ 1-0

[Event "OLNO 2223 SC Empor Potsdam - Greifswald"]
[Site "?"]
[Date "2022.10.23"]
[Round "1.8"]
[White "Puhlmann, Rainer"]
[Black "Schwahn, Christian"]
[Result "1-0"]
[WhiteElo "2084"]
[BlackElo "1942"]
[PlyCount "91"]
[EventDate "2022.??.??"]

1. Nf3 Nf6 2. c4 e6 3. g3 d5 4. Bg2 dxc4 5. Qa4+ Bd7 6. Qxc4 Nc6 7. O-O b5 8. Qxb5 Rb8 9. Qc4 Be7 10. d4 Nb4 11. Nc3 Nfd5 12. e4 Nxc3 13. Qxc3 O-O 14. a3 Na6 15. Bf4 Rb6 16. Ne5 Bb5 17. Rfd1 Ba4 18. Rd2 f6 19. Nc4 Rb3 20. Qc1 g5 21. Be3 c5 22. d5 exd5 23. exd5 f5 24. f4 Rxe3 25. Nxe3 Bd6 26. Qc4 Qa5 27. Rf2 Bb5 28. Qc2 Nb4 29. Qd2 gxf4 30. gxf4 Qa4 31. Rf3 Nd3 32. Rg3+ Kh8 33. Qc3+ Qd4 34. Qxd4+ cxd4 35. Nc2 Nxf4 36. Kh1 Nxg2 37. Rxg2 d3 38. Nd4 Bc4 39. Rd1 Bxd5 40. Rxd3 Rg8 41. Nf3 Bxf3 42. Rxf3 Rf8 43. Rd2 Rf6 44. Rfd3 Bc7 45. Rd7 Bb6 46. Re2 1-0

[Event "OLNO 2223 SAV Torgelow-Drögeheide 90 -"]
[Site "?"]
[Date "2022.10.23"]
[Round "1.1"]
[White "Szelag, Marcin"]
[Black "Grossmann, Piet"]
[Result "1-0"]
[WhiteElo "2399"]
[BlackElo "1945"]
[PlyCount "71"]
[EventDate "2022.??.??"]

1. e4 e6 2. d4 d5 3. Nc3 Nf6 4. e5 Nfd7 5. f4 c5 6. Nf3 Nc6 7. Be3 cxd4 8. Nxd4 Bc5 9. Qd2 O-O 10. O-O-O a6 11. Qf2 Bxd4 12. Bxd4 b5 13. Bd3 b4 14. Ne2 a5 15. h4 Ba6 16. Rh3 a4 17. Kb1 Bxd3 18. cxd3 Nxd4 19. Qxd4 Qe7 20. Rc1 Rfc8 21. Rhh1 a3 22. b3 Rxc1+ 23. Kxc1 Rc8+ 24. Kd2 Rc7 25. h5 h6 26. g4 Qc5 27. Qxc5 Rxc5 28. Nd4 Rc3 29. Nc2 Nc5 30. Nxb4 d4 31. Rc1 Nxb3+ 32. axb3 Rxb3 33. Nc2 Rb2 34. Ra1 a2 35. Kc1 Rb3 36. Ne1 1-0

[Event "OLNO 2223 SAV Torgelow-Drögeheide 90 -"]
[Site "?"]
[Date "2022.10.23"]
[Round "1.2"]
[White "Schmekel, Florian"]
[Black "Tomczak, Rafal"]
[Result "1/2-1/2"]
[WhiteElo "2084"]
[BlackElo "2303"]
[PlyCount "82"]
[EventDate "2022.??.??"]

1. d4 d5 2. c4 dxc4 3. Nc3 e6 4. e4 a6 5. a4 c5 6. d5 Nf6 7. Bxc4 exd5 8. Nxd5 Nxd5 9. Bxd5 Bd6 10. Nf3 O-O 11. O-O Qc7 12. Bd2 Bg4 13. h3 Bxf3 14. Qxf3 Nc6 15. Bxc6 Qxc6 16. Bc3 Rae8 17. Qg4 f6 18. Rfd1 h5 19. Qg6 Be5 20. Rd5 Bxc3 21. bxc3 h4 22. f3 c4 23. Rh5 Rd8 24. Rh7 Qc5+ 25. Kh1 Rd7 26. Rxh4 Rfd8 27. Qh7+ Kf7 28. Qh5+ Qxh5 29. Rxh5 Rd1+ 30. Rxd1 Rxd1+ 31. Kh2 Rb1 32. Rc5 b5 33. axb5 axb5 34. f4 Rb3 35. e5 fxe5 36. fxe5 Ke6 37. g4 g5 38. Kg2 Rxc3 39. Rxb5 Re3 40. Rc5 c3 41. Kh2 Rd3 1/2-1/2

[Event "OLNO 2223 SAV Torgelow-Drögeheide 90 -"]
[Site "?"]
[Date "2022.10.23"]
[Round "1.3"]
[White "Dauth, Benjamin"]
[Black "Korbal, Arkadiusz"]
[Result "1-0"]
[WhiteElo "2228"]
[BlackElo "2056"]
[PlyCount "53"]
[EventDate "2022.??.??"]

1. e4 e5 2. Bc4 Nf6 3. d3 Nc6 4. Nf3 Bc5 5. c3 a6 6. O-O Ba7 7. Be3 Bxe3 8. fxe3 O-O 9. a4 d5 10. exd5 Nxd5 11. Qe1 Be6 12. Nbd2 Qe7 13. d4 e4 14. Nxe4 Nxe3 15. Bxe6 Nxf1 16. Bd5 Rad8 17. Bxc6 Nxh2 18. Kxh2 bxc6 19. Nc5 Qd6+ 20. Kg1 Rfe8 21. Qd2 Qd5 22. Re1 Qa2 23. Kf2 f6 24. b3 Qa3 25. Qc2 Rxe1 26. Nxe1 a5 27. Qb1 1-0

[Event "OLNO 2223 SAV Torgelow-Drögeheide 90 -"]
[Site "?"]
[Date "2022.10.23"]
[Round "1.5"]
[White "Guth, Thomas"]
[Black "Bauer, Norbert"]
[Result "1-0"]
[WhiteElo "2217"]
[BlackElo "2054"]
[PlyCount "65"]
[EventDate "2022.??.??"]

1. e4 c5 2. Nf3 Nc6 3. d4 cxd4 4. Nxd4 Nf6 5. Nc3 e5 6. Ndb5 d6 7. a4 Be7 8. Bc4 a6 9. Na3 Be6 10. Be3 O-O 11. f3 Rc8 12. Nd5 Bxd5 13. Bxd5 Nxd5 14. exd5 Nb8 15. O-O f5 16. Qd2 g5 17. Qb4 f4 18. Bf2 Nd7 19. Qxb7 e4 20. fxe4 Bf6 21. c3 Be5 22. Qxa6 g4 23. Bd4 f3 24. g3 Qf6 25. Qd3 Qh6 26. Rf2 Bxd4 27. Qxd4 Nc5 28. Re1 Qg6 29. b4 Nxa4 30. c4 Rfe8 31. Nb5 Re7 32. e5 dxe5 33. Qe4 1-0

[Event "OLNO 2223 SAV Torgelow-Drögeheide 90 -"]
[Site "?"]
[Date "2022.10.23"]
[Round "1.6"]
[White "Herrmann, Jakob"]
[Black "Boetzer, Detlef"]
[Result "1/2-1/2"]
[WhiteElo "1888"]
[BlackElo "2202"]
[PlyCount "63"]
[EventDate "2022.??.??"]

1. e4 e6 2. d4 d5 3. Nc3 Bb4 4. e5 c5 5. a3 Bxc3+ 6. bxc3 Ne7 7. Qg4 Kf8 8. Bd3 Qa5 9. Bd2 Qa4 10. Ra2 b6 11. h4 Ba6 12. Bxa6 Nxa6 13. h5 h6 14. Qe2 Rc8 15. Nf3 Ke8 16. O-O cxd4 17. cxd4 Qc4 18. Qxc4 Rxc4 19. Bb4 Nxb4 20. axb4 Nc6 21. Rb1 Kd7 22. Rb3 Ra8 23. c3 Ne7 24. Ra6 Kc8 25. Nd2 Rc7 26. Rba3 Kb7 27. b5 Nc8 28. Nf3 Rb8 29. Ne1 Ka8 30. Nd3 Rbb7 31. Nb4 Ne7 32. Kf1 1/2-1/2

[Event "OLNO 2223 SAV Torgelow-Drögeheide 90 -"]
[Site "?"]
[Date "2022.10.23"]
[Round "1.7"]
[White "Daum, Norman"]
[Black "Ehlers, Michael"]
[Result "1-0"]
[WhiteElo "2138"]
[BlackElo "1941"]
[PlyCount "69"]
[EventDate "2022.??.??"]

1. e4 c5 2. Nc3 Nc6 3. f4 g6 4. Nf3 Bg7 5. Bb5 e6 6. Bxc6 bxc6 7. Qe2 d6 8. O-O Ne7 9. Nd1 a5 10. c4 Rb8 11. d3 O-O 12. Be3 Ba6 13. Qc2 Qc7 14. Nc3 Rfd8 15. Rad1 Rb4 16. b3 Rdb8 17. e5 Nf5 18. Bf2 Nd4 19. Nxd4 cxd4 20. Bxd4 dxe5 21. Bxe5 Bxe5 22. fxe5 Qxe5 23. d4 Qe3+ 24. Kh1 R4b7 25. Ne4 Re7 26. Rf3 Qh6 27. Qc3 Qg7 28. Qxa5 Bb7 29. Nf6+ Kh8 30. Qe5 Ra8 31. a4 Rd8 32. Re1 Ba8 33. Kg1 Rb7 34. Rh3 h5 35. Rxh5+ 1-0

[Event "OLNO 2223 SAV Torgelow-Drögeheide 90 -"]
[Site "?"]
[Date "2022.10.23"]
[Round "1.8"]
[White "Bress, Aaron"]
[Black "Freyberg, Dominic"]
[Result "1/2-1/2"]
[WhiteElo "1814"]
[BlackElo "2129"]
[PlyCount "36"]
[EventDate "2022.??.??"]

1. e4 Nc6 2. Nf3 d5 3. exd5 Qxd5 4. Nc3 Qd8 5. Bb5 Bd7 6. O-O Nf6 7. Re1 e6 8. d4 Be7 9. Bg5 O-O 10. Qd2 Nb4 11. Bc4 c5 12. a3 cxd4 13. Nxd4 Nc6 14. Rad1 Nxd4 15. Qxd4 Bc6 16. b4 Qxd4 17. Rxd4 Rfd8 18. Red1 Rxd4 1/2-1/2

[Event "OLNO 2223 SK König Tegel II - TSG Ober"]
[Site "?"]
[Date "2022.10.23"]
[Round "1.1"]
[White "Rosenthal, Dirk"]
[Black "Jahnz, Fabian"]
[Result "1/2-1/2"]
[WhiteElo "2387"]
[BlackElo "2270"]
[PlyCount "99"]
[EventDate "2022.??.??"]

1. c4 e5 2. g3 Nf6 3. Bg2 c6 4. d4 exd4 5. Qxd4 d5 6. Nf3 Be7 7. O-O c5 8. Qd1 Nc6 9. cxd5 Nxd5 10. a3 O-O 11. Qc2 Be6 12. Nbd2 Rc8 13. Ne4 Nd4 14. Nxd4 cxd4 15. Qd3 f5 16. Nd2 Qb6 17. Nf3 Bf6 18. Bg5 Rfd8 19. Rfd1 Qxb2 20. Rab1 Qa2 21. Bxf6 Nxf6 22. Rxb7 Bc4 23. Qd2 Qxd2 24. Rxd2 Ne4 25. Rxd4 Bxe2 26. h3 Bxf3 27. Rxd8+ Rxd8 28. Bxf3 Ng5 29. Bg2 Rd1+ 30. Kh2 Rd2 31. h4 Nf7 32. Kg1 Ne5 33. Rxa7 Ng4 34. Bf1 Rxf2 35. Bc4+ Kf8 36. Bd5 Rd2 37. Be6 g6 38. Rd7 Re2 39. Bc4 Rc2 40. Bb5 Ne5 41. Rd5 Nf3+ 42. Kf1 Nd2+ 43. Ke1 Ne4 44. Rd3 Rc1+ 45. Ke2 Rc5 46. Bd7 Ke7 47. Kf3 h6 48. Ba4 g5 49. Bb3 Rc1 50. hxg5 1/2-1/2

[Event "OLNO 2223 SK König Tegel II - TSG Ober"]
[Site "?"]
[Date "2022.10.23"]
[Round "1.2"]
[White "Rosmann, Ilja"]
[Black "Schoewel, Matthias"]
[Result "1-0"]
[WhiteElo "2290"]
[BlackElo "2226"]
[PlyCount "119"]
[EventDate "2022.??.??"]

1. e4 e5 2. Nf3 Nc6 3. d4 exd4 4. Nxd4 d6 5. Nc3 Nf6 6. Nxc6 bxc6 7. Bd3 Be7 8. O-O O-O 9. Bd2 a5 10. b3 Nd7 11. Na4 Bf6 12. Rc1 Nb6 13. Nxb6 cxb6 14. a4 Bb2 15. Rb1 Qf6 16. c3 Bxc3 17. Bxc3 Qxc3 18. Rc1 Qe5 19. Rxc6 Rb8 20. Qc2 Bd7 21. Rc7 Rfc8 22. Ba6 Rd8 23. Bc4 Be6 24. Rd1 g6 25. Bxe6 Qxe6 26. Rd5 Qf6 27. f3 Re8 28. Qc3 Qxc3 29. Rxc3 b5 30. axb5 Re5 31. Rxe5 dxe5 32. Rc5 f6 33. Kf2 Kf7 34. Ke2 Ke6 35. Kd3 Rd8+ 36. Kc3 Rd6 37. Rc7 f5 38. Kc4 Rd4+ 39. Kc5 fxe4 40. fxe4 Rxe4 41. b6 Rb4 42. b7 Kf5 43. Kc6 Rxb3 44. Rc8 Rxb7 45. Kxb7 Ke4 46. Kb6 Kd3 47. Kxa5 e4 48. Rh8 h5 49. Rg8 e3 50. Rxg6 e2 51. Re6 Kd2 52. g3 e1=Q 53. Rxe1 Kxe1 54. h3 Kf2 55. g4 h4 56. g5 Kg3 57. g6 Kxh3 58. g7 Kh2 59. g8=Q h3 60. Qg4 1-0

[Event "OLNO 2223 SK König Tegel II - TSG Ober"]
[Site "?"]
[Date "2022.10.23"]
[Round "1.3"]
[White "Horn, Sven"]
[Black "Acikel, Mert"]
[Result "1-0"]
[WhiteElo "2083"]
[BlackElo "2197"]
[PlyCount "59"]
[EventDate "2022.??.??"]

1. e4 e5 2. Nf3 Nc6 3. d4 exd4 4. Nxd4 Bc5 5. Nb3 Bb6 6. Nc3 Nf6 7. Qe2 O-O 8. Bg5 h6 9. Bh4 a5 10. a4 Nd4 11. Qd3 Nxb3 12. cxb3 c6 13. O-O-O d5 14. Qc2 Be6 15. exd5 cxd5 16. Kb1 Rc8 17. f4 d4 18. f5 Bd7 19. Bxf6 gxf6 20. Ka2 Qc7 21. Qd2 dxc3 22. Qxh6 cxb2 23. Bc4 b1=Q+ 24. Rxb1 Bxf5 25. Rbf1 Qe5 26. Rf4 Be3 27. Rg4+ Bxg4 28. Qg6+ Kh8 29. Qxg4 Rfd8 30. Bd3 {ZÜ} 1-0